Score 0/10 Timer 03:00
0 Plays Today
Hint Country/Territory % Correct
Country that all people are HUNGRYHungary
97.6%
Country that has many GERMSGermany
94.7%
Country that is spicy like a CHILIChile
91.4%
Country that has NO WAYNorway
88.2%
Country that is a territory of D_ _ _ _ _k and all of the living things there are GREENGreenland
86.4%
Country that has a name SURISuriname
81.7%
Country that is SINGing four songsSingapore
76.6%
Country that is always WAITingKuwait
65.7%
Country that we feel PAINSpain
59.8%
Country that is a large birdTurkey
45%
Remove Ads.
Support Sporcle.
Get the best of Sporcle when you Go Orange. This ad-free experience offers more features, more stats, and more fun while also helping to support Sporcle. Thank you for becoming a member.

You're not logged in!

Compare scores with friends on all Sporcle quizzes.
OR
Log In

Show Comments

Extras

Created Jul 17, 2012ReportNominate
Tags:Country Quiz, describe, jokes

Top Quizzes Today


Score Distribution

Your Account Isn't Verified!

In order to create a playlist on Sporcle, you need to verify the email address you used during registration. Go to your Sporcle Settings to finish the process.

Report this User

Report this user for behavior that violates our Community Guidelines.

Details: